000 00604nam a2200205Ii 4500
003 JO-AjNU
008 230605s9999||||xx |||||||||||||| ||und||
017 _a2004/3/411
040 _aJO-AjNU
_bara
_erda
_cJO-AjNU
041 _aara
050 1 4 _aHD57.7.D3558.2004
100 3 _aالضامن،ابراهيم يوسف,
_eauthor
_918954
245 0 0 _aالقيادة
264 3 1 _aاربد:المؤلف،2004
300 _a64ص
336 _atext
_btxt
_2rdacontent
337 _aunmediated
_bn
_2rdamedia
338 _avolume
_bnc
_2rdacarrier
650 4 _aادارة الافراد-القيادة
_918955
999 _aA6158
_c9726
_d9726